| 000 | 00453nam a2200157Ia 4500 | ||
|---|---|---|---|
| 008 | 160319s9999 xx 000 0 und d | ||
| 245 | _aMother of all / | ||
| 260 | _bViva Records Corp. | ||
| 260 | _c2000 | ||
| 300 | _a1 video disc : | ||
| 300 | _bsound, colored ; | ||
| 300 | _c4 3/4 in. | ||
| 650 | _aDevotion to the Blessed Virgin Mary. | ||
| 650 | _aMary, -- Blessed Virgin, Saint -- Devotion to. | ||
| 650 | _aMary, -- Blessed Virgin, Saint. | ||
| 999 |
_c292751 _d292751 |
||